| 000 | 00330nam a2200121Ia 4500 | ||
|---|---|---|---|
| 005 | 20251222154359.0 | ||
| 008 | 251222s9999||||xx |||||||||||||| ||spa|| | ||
| 020 | _a9972-9312-1-8 | ||
| 082 | _a633.028.5/V66/Ej.2 | ||
| 100 | _a"Villagómez Castillo, Vidal" | ||
| 245 | 0 | _aLa comida dulce de los que viven en los Andes | |
| 942 | _cLIB | ||
| 999 |
_c35215 _d35215 |
||